UBT Library

Aerial piracy and international law / (Record no. 332)

000 -LEADER
fixed length control field 00491cam a2200169 4500
005 - DATE AND TIME OF LATEST TRANSACTION
control field 20131115084909.0
008 - FIXED-LENGTH DATA ELEMENTS--GENERAL INFORMATION
fixed length control field 720210s1971 ne 000 0 eng
041 0# - LANGUAGE CODE
Language code of text/sound track or separate title eng
080 ## - UNIVERSAL DECIMAL CLASSIFICATION NUMBER
Universal Decimal Classification number 341
245 00 - TITLE STATEMENT
Title Aerial piracy and international law /
Statement of responsibility, etc by Edward McWhinney
260 ## -
-- Leiden,
-- Sijthoff;
-- Dobbs Ferry, N.Y.,
-- Oceana Publications,
-- 1971.
300 ## -
-- 213 f.
-- 24 cm.
650 #0 -
-- E drejta ndërkombëtare
650 #0 -
-- Piratëria
700 1# -
-- McWhinney, Edward.
942 ## - ADDED ENTRY ELEMENTS (KOHA)
Source of classification or shelving scheme
Item type Books
Holdings
Withdrawn status Lost status Source of classification or shelving scheme Damaged status Not for loan Collection code Permanent location Current location Shelving location Date acquired Total Checkouts Full call number Barcode Date last seen Koha item type
          Koleksioni i përgjithshem UBT - Prishtine UBT - Prishtine Koleksioni i përgjithshem 11/15/2013   341 MCW 001-000434 11/15/2013 Books
UBT Library © 2015-2024. All rights reserved University Education for Business and Technology